|
|
|
|
| LEADER |
00843nam a22002297a 4500 |
| 008 |
170523b xxu||||| |||| 00| 0 eng d |
| 999 |
|
|
|c 18426
|d 18426
|
| 020 |
|
|
|a 9788188019250
|
| 082 |
|
|
|a 297.352
|b KHA
|
| 100 |
|
|
|a ഖാദര്, യു. എ.
|
| 240 |
|
|
|a Hajjinte ormakalil
|
| 245 |
|
|
|a ഹജ്ജിന്റെ ഓര്മ്മകളില് /
|c യു. എ. ഖാദര്
|
| 250 |
|
|
|a 1st ed.
|
| 260 |
|
|
|a കോഴിക്കോട് :
|b ലിപി പബ്നിക്കേഷന്സ്,
|c 2016.
|
| 300 |
|
|
|a 64p.
|
| 650 |
|
|
|a Travelogue
|
| 650 |
|
|
|a Islam
|
| 650 |
|
|
|a Hajj
|
| 650 |
|
|
|a Mecca
|
| 700 |
|
|
|a Khader, U. A.
|
| 942 |
|
|
|2 ddc
|c BK
|
| 952 |
|
|
|0 0
|1 0
|2 ddc
|4 0
|6 297_352000000000000_KHA
|7 0
|9 25652
|a MAIN
|b MAIN
|d 2017-05-23
|e Lipi Publications
|g 60.00
|o 297.352 KHA
|p 24702
|r 2017-05-23
|t 1
|w 2017-05-23
|y BK
|